01095nam a22001817a 450000500170000000800410001702000180005804000070007604100080008308200210009110000200011224500240013226000300015630000250018636500620021152006100027365000300088320220302162541.0220224b ||||| |||| 00| 0 eng d a9780099908401 cAL aeng 223a813.52bHEMO aErnest Hemigway aOld man and the sea aLondonbArrow Booksc2004 a99p.bPBc17.5x11cm. 2Generala5944b₹120.00c₹d₹150.00e20%f18-12-2022 aOne of the greatest novels of the 20th century by one of the greatest writers in American history - THE BOOK THAT WON ERNEST HEMINGWAY THE NOBEL PRIZE FOR LITERATURE Set in the Gulf Stream off the coast of Havana, Hemingway's magnificent fable is the story of an old man, a young boy and a giant fish. Here, in a perfectly crafted story, is a unique and timeless vision of the beauty and grief of man's challenge to the elements in which he lives. Not a single word is superfluous in this widely admired masterpiece, which once and for all established his place as one of the giants of modern literature. 2American FictionaFiction